LEADER 01304nam a2200265 i 4500 001 000000113147 003 CaOOAMICUS 005 20230605144412.0 008 030317s1945 it u000 u mul u 040 $aSeMil$bita 100 1 $aGuzzetti, Giovanni Battista,$c.$0(OLS)http://semarc/name/249 245 10$a7: Critica /$cauctore J. B. Guzzetti. 264 1$aVenegono Inferiore (VA) :$bLa Scuola Cattolica,$c1945. 300 $a165 p. ;$c22 cm 500 $aIn Appendice : Appunti di metodologia. 650 4$aCritica - Filosofia.$0(OLS)http://semarc/subject/3216 773 0 $aGuzzetti, Giovanni Battista $tElementa philosophiae.$dVenegono Inf. (VA) : La Scuola Cattolica, 1943-1945.$g7$w()8877 850 $aSeMil 852 $aSeMil$W1$xVenegono$y1$m5B III 68/6$j241118$B245253$CSeMilBibl$Z2$F245253 $8I 852 $aSeMil$W1$xVenegono$y1$m2R III 158$j68859$B68859$CSeMilBibl$Z2$F74551 $81 961 $aSala don Angelo - Lascito. -- Timbro Ex Libris don Angelo Sala 1929-2021 961 $aVolume con evidenti e diffuse sottolineature (a matita) 996 $6245$a7: Critica$9(OLS)http://semarc/title/133959 996 $6264$aVenegono Inferiore (VA) :$bLa Scuola Cattolica$9(OLS)http://semarc/publisher/29825 LEADER 01123nam a2200241 i 4500 001 000000050221 003 CaOOAMICUS 005 20120704000000.0 008 120704s1985 it u000 u ita u 013 $a21392 040 $aSeMil$bita 100 1 $aTettamanzi, Dionigi,$c.$0(OLS)http://semarc/name/89456 245 10$aBambini fabbricati :$bfertilizzazione in vitro : embryo transfer /$cDionigi Tettamanzi. 260 $aCasale Monferrato (AL) :$bEdizioni Piemme di Pietro Marietti,$c1985. 300 $a218 p. ;$c21 cm. 490 0 $aAzione pastorale ;$v5 500 $aContiene : Indicazioni bibliografiche. 650 4$aFecondazione artificiale.$0(OLS)http://semarc/subject/8400 830 0$aAzione pastorale ;$v5.$0(OLS)http://semarc/title/6811 850 $aSeMil 852 $aSeMil$W1$xVenegono$y1$m2E IV 225$j16376$B16376$CSeMilBibl$Z2$F16376 $81 996 $6245$aBambini fabbricati :$bfertilizzazione in vitro : embryo transfer$9(OLS)http://semarc/title/76656 996 $6260$aCasale Monferrato (AL) :$bEdizioni Piemme di Pietro Marietti$9(OLS)http://semarc/publisher/33528